000 00911nam a2200265Ia 4500
003 OSt
005 20221005113328.0
006 a|||||r|||| 00| 0
007 ta
008 221004b |||||||| |||| 00| 0 pan d
020 _a8130201245
_c250
024 _a116619
037 _b623, 07/03/2012, H.K. Prakashan
_cTextual
040 _aCRL
_cCRL
_bpan
041 _2pan
_apan
082 _aO153,6N51w, Q2
100 _aਨੂਰ, ਸੁਤਿੰਦਰ ਸਿੰਘ
245 0 _aਸਾਹਿਤਕ ਸਸ਼ੈ ਜੀਵਨੀ
260 _aਪਟਿਆਲਾ
_bਪਬਲੀਕੇਨ ਬਿਊਰੋ ਭਾਰਤ
_c2012
300 _a232ਪੰ
_ccm.
650 _a ਜੀਵਨੀ
650 _aਪੰਜਾਬੀ ਸਾਹਿਤ
942 _hO153,6N51w, Q2
_cTEXL
_2cc
999 _c1027818
_d1027818